Market survey on the customer behaviour towords maruti 800 with reference to mandovi motors Mangalore city (Record no. 215075)
[ view plain ]
| 000 -LEADER | |
|---|---|
| fixed length control field | 00648nam a2200157Ia 4500 |
| 008 - FIXED-LENGTH DATA ELEMENTS--GENERAL INFORMATION | |
| fixed length control field | 210719s2005 xx 000 0 und d |
| 041 ## - LANGUAGE CODE | |
| Language code of text/sound track or separate title | eng |
| 082 ## - DEWEY DECIMAL CLASSIFICATION NUMBER | |
| Classification number | 658.8 AZIM |
| 100 ## - MAIN ENTRY--PERSONAL NAME | |
| Personal name | AZIZ (Shihabuddin Abdul) |
| 245 ## - TITLE STATEMENT | |
| Title | Market survey on the customer behaviour towords maruti 800 with reference to mandovi motors Mangalore city |
| 260 ## - PUBLICATION, DISTRIBUTION, ETC. | |
| Place of publication, distribution, etc. | Mangalore |
| Name of publisher, distributor, etc. | Department of Business Management St Aloysius College |
| Date of publication, distribution, etc. | 2005 |
| 300 ## - PHYSICAL DESCRIPTION | |
| Extent | 57 |
| Other physical details | HB |
| 650 ## - SUBJECT ADDED ENTRY--TOPICAL TERM | |
| Topical term or geographic name entry element | Project Reports |
| 650 ## - SUBJECT ADDED ENTRY--TOPICAL TERM | |
| Topical term or geographic name entry element | Project Reports |
| 906 ## - LOCAL DATA ELEMENT F, LDF (RLIN) | |
| a | 800 ; behaviour ; city ; customer ; mandovi ; Mangalore ; Market ; maruti ; motors ; on ; reference ; survey ; the ; to ; towords ; with |
| Withdrawn status | Lost status | Damaged status | Not for loan | Collection code | Home library | Current library | Date acquired | Total Checkouts | Full call number | Barcode | Date last seen | Price effective from | Koha item type |
|---|---|---|---|---|---|---|---|---|---|---|---|---|---|
| Reference Book | St Aloysius Library | St Aloysius Library | 11/09/2009 | 658.8 AZIM | D03691 | 07/19/2021 | 07/19/2021 | Donated Books |